000 01528nam0a2200337 4500
001 RU\NLR\bibl\1444329
005 20260409065945.0
010 _a978-5-904593-02-5
_9499
021 _aRU
_b2009-81108
_95088
035 _a(NLR Aleph) 001436174
090 _a1433782
_c1433782
100 _a20091126d2009 |||y0rusy50 ca
101 0 _arus
102 _aRU
105 _ay |||||||||
200 1 _aЭнциклопедический словарь финансовых и экономических терминов
_fАкад. рос. энцикл.
_g[авт.-сост. С.В. Каледин, д.э.н., акад. Акад. рос. энцикл., проф.
_gотв. ред. О.В. Артемова, д.э.н., проф.]
210 _aЧелябинск
_cСити Принт
_d2009
215 _a454 с.
_d22
225 1 _aСерия научных энциклопедических изданий
606 _aФинансы
_jЭнциклопедические словари
_91099997
_3RU\NLR\auth\66113465
606 1 _aЭкономика
_jЭнциклопедические словари
_91414491
_3RU\NLR\auth\66284709
686 _aУ26(0)я20
686 _aУ.я20
702 1 _aКаледин
_bС. В.
_4220
702 1 _aАртемова
_bО. В.
_4340
712 0 2 _4570
_aАкадемия российских энциклопедий
_cЧелябинск
_9619581
_3RU\NLR\AUTH\8810059166
801 0 _aRU
_bNLR
_c20091126
_gRCR
801 1 _aRU
_bNLR
_c20091126
942 _cBOOK
980 _aNB